| 000 | 00745nam a2200253Ia 4500 | ||
|---|---|---|---|
| 003 | OSt | ||
| 005 | 20220926012133.0 | ||
| 006 | a|||||r|||| 00| 0 | ||
| 007 | ta | ||
| 008 | 220923b |||||||| |||| 00| 0 eng d | ||
| 020 | _a465033520 | ||
| 037 | _cGeneral Book | ||
| 040 |
_aRTL _cRTL _beng |
||
| 041 |
_2eng _aeng |
||
| 082 | _aY7, L2 | ||
| 100 |
_aBerghe PierreVan Den Ed. _9315582 |
||
| 245 | 0 |
_aIntergroup relations _b Sociological perspectives |
|
| 260 |
_aNew York _bBasic Books USA _c1972 |
||
| 300 |
_a327p _ccm. |
||
| 490 | _aIssues and Trends in Sociology Series, American Sociological Association | ||
| 650 | _aRace | ||
| 942 |
_hY7, L2 _cGB _2CC |
||
| 999 |
_c621827 _d621827 |
||